000 01050nam a22003257a 4500
001 238
003 FISKH
005 20231117113334.0
008 230309b cb ||||| |||| 00| 0 eng d
020 _a9780142410356
020 _a9780142410356
040 _aDLC
_cDLC
_dDLC
_dFISKH
_beng
042 _alcac
050 0 0 _aPZ7.D1515
_bGe 1998
082 0 0 _a823.914
_221
100 1 _aDahl, Roald.
245 1 0 _aGeorge's marvelous medicine /
_cRoald Dahl ; illustrated by Quentin Blake.
250 _aIssued in this edition in 2007, 2013
260 _aNew York
_bPuffin Books
_c1981
300 _a89 pages :
_billustrations ;
_c20 cm
505 _aO
520 _aGeorge decides that his grumpy, selfish old grandmother must be a witch and concocts some marvelous medicine to take care of her.
521 1 _a640
_bLexile
521 1 _aO
_bRaz-Plus
650 1 _aGrandmothers
_xFiction.
650 1 _aMagic
_xFiction.
700 1 _aBlake, Quentin,
_eillustrator
906 _a7
_bcbc
_corignew
_d2
_encip
_f19
_gy-gencatlg
942 _2ddc
_cBK
_n0
999 _c238
_d238